Macroeconomics: Canada in the global environment (Record no. 31)

000 -LEADER
fixed length control field 00538nam a22001937a 4500
003 - CONTROL NUMBER IDENTIFIER
control field OSt
005 - DATE AND TIME OF LATEST TRANSACTION
control field 20210528091010.0
008 - FIXED-LENGTH DATA ELEMENTS--GENERAL INFORMATION
fixed length control field 210528b ||||| |||| 00| 0 eng d
020 ## - INTERNATIONAL STANDARD BOOK NUMBER
International Standard Book Number 0321418425
040 ## - CATALOGING SOURCE
Transcribing agency Alupe University
050 ## - LIBRARY OF CONGRESS CALL NUMBER
Classification number HB172.5
Item number .P363 2006
100 ## - MAIN ENTRY--PERSONAL NAME
Fuller form of name Michael Parkin
245 ## - TITLE STATEMENT
Title Macroeconomics: Canada in the global environment
260 ## - PUBLICATION, DISTRIBUTION, ETC.
Place of publication, distribution, etc. Peterborough, Ont.
Name of publisher, distributor, etc. Ontario Audio Library Services
Date of publication, distribution, etc. 2006
300 ## - PHYSICAL DESCRIPTION
Extent 798p.
Other physical details ill (col.)
500 ## - GENERAL NOTE
General note includes indexes
700 ## - ADDED ENTRY--PERSONAL NAME
Fuller form of name Robin Bade
942 ## - ADDED ENTRY ELEMENTS (KOHA)
Source of classification or shelving scheme
Koha item type Book
Suppress in OPAC MW
Holdings
Withdrawn status Lost status Source of classification or shelving scheme Damaged status Not for loan Permanent Location Current Location Shelving location Date acquired Total Checkouts Full call number Barcode Date last seen Copy number Price effective from Koha item type Public note
          AU LIBRARY AU LIBRARY Open Shelf 28.05.2021   HB172.5 .P363 2006 C1 28000882 28.05.2021 1 28.05.2021 Book MW
          AU LIBRARY AU LIBRARY Open Shelf 30.06.2021   HB172.5 .P363 2006 C2 28000134 30.06.2021 2 30.06.2021 Book MW

Powered by Koha